Which 15 teams have participated the most in the Euros? - Statistics

General Stats
  • This quiz has been taken 30 times
  • The average score is 14 of 15
Answer Stats
Appearances Country % Correct
11 France
100%
14 Germany
100%
11 Italy
100%
12 Spain
100%
7 Sweden
100%
11 England
96%
12 Russia
96%
7 Belgium
93%
10 Denmark
93%
11 Netherlands
93%
9 Portugal
93%
7 Croatia
89%
11 Czech Republic
85%
6 Serbia
78%
6 Slovakia
70%
No matching quizzes found
Score Distribution
Percent of People with Each Score
Percentile by Number Answered
Your Score History
You have not taken this quiz